00718 a2200109 4500001000700000020001800007040003200025100005100057245006800108260001100176520042100187123189 a9780660392738 cEscola Canadense de Niteroi aMinister of Citizenship and Immigration Canada10aDiscover Canada: The Rights and Responsibilities of Citizenship aCanada aThe only official study guide for the citizenship test is Discover Canada: The Rights and Responsibilities of Citizenship,available from Citizenship and Immigration Canada at no cost. If you have applied for citizenship and are preparing for the citizenship test, your primary resource should be the official study guide. If you use any other material to prepare for the citizenship test, you do so at your own risk.